000 00788nam a2200181Ia 4500
008 100920s9999 xx 000 0 und d
082 _b77455
_a891.43 थ 99
100 _aसंपा. नाणवटी सरोजनी/ केलेकर रवीन्द्र
245 _aकाका कालेलकर ग्रंथावली.धर्म.
260 _bगांधी हिन्दुस्तानी साहित्य सभा.
_c2000
300 _a704
_bसाधी
365 _b300
520 _aहिंदी.
630 _aकाका कालेलकर ग्रंथावली.धर्म.
650 _aहिंदी.
730 _aकाका कालेलकर ग्रंथावली.धर्म.
942 _cBOOK
999 _c718738
_d718735